00968nam a2200157 a 4500008004100000020001800041041000800059100002200067245005100089250001100140260003600151300001100187500008800198505050900286655001500795171103e2016 ag ||||g |||| 00| j spa d a9789874621825 aspa1 aQuirós, Mariano 3aLa luz mala dentro de mí /cMariano Quirós a1a ed. aBuenos Aires:bFactotum;c2016. a142 p. aQuirós, M. (2016). La luz mala dentro de mí. (1a ed.). Buenos Aires : Factotum. aEl amor de familia es un amor equilibrista, un amor extremo. Los personajes que habitan los cuentos de La luz mala dentro de mí estás poseídos por ese amor y se dejan arrastrar por él. Y así es como perciben el mundo. Desde el encuentro de un chico y su abuelo con la luz mala, a dos hermanos enfermos de literatura; desde la retorcida caza de un tapir, al derrotero de una familia de lobisones. Y de fondo, el paisaje chaqueño, a veces amigo y a veces -casi siempre- simple y llana amenaza.  aLiteratura